Statistics for Russian Coast Norway to North Korea

Click here to take the quiz!

General Stats

  • This quiz has been taken 18 times
    (16 since last reset)
  • The average score is 4 of 14

Answer Stats

Letter Answer % Correct
NorwayNorway
73%
MMurmansk
36%
North KoreaNorth Korea
36%
KKarelia
27%
AArkhangelsk
27%
SSakha
27%
KKamchatka
27%
NNenets
18%
Y NYamalo Nenets
18%
KKrasnoyarsk
18%
CChukotka
18%
MMagadan
18%
KKhabarovsk
18%
PPrimorsky
18%

Score Distribution

Percentile by Number Answered

Percent of People with Each Score

Your Score History

You have not taken this quiz since the last reset